पर्यावरण एवं मृत-संजीवनी अमृतधारा / (Record no. 68135)

MARC details
000 -LEADER
fixed length control field 00838 aa a2200217 4500
005 - DATE AND TIME OF LATEST TRANSACTION
control field 20120623121540.0
010 ## - LCCN (DPL NO)
LC control number
020 ## - INTERNATIONAL STANDARD BOOK NUMBER
Terms of availability 199.00
International Standard Book Number 8187188014
035 ## - SYSTEM CONTROL NUMBER
System control number A-982866
037 ## - SOURCE OF ACQUISITION
Source of stock number/acquisition pub
082 ## - DEWEY DECIMAL CLASSIFICATION NUMBER
Classification number 615.89
100 ## - MAIN ENTRY--PERSONAL NAME
Personal name राठौर, उमेश
245 ## - TITLE STATEMENT
Title पर्यावरण एवं मृत-संजीवनी अमृतधारा /
Statement of responsibility, etc उमेश राठौर
246 ## - VARYING FORM OF TITLE
Title proper/short title
Remainder of title
260 ## - PUBLICATION, DISTRIBUTION, ETC. (IMPRINT)
Place of publication, distribution, etc दिल्ली
Name of publisher, distributor, etc जना प्रकाशन
Date of publication, distribution, etc 1999
270 ## - ADDRESS
Address
City
Postal code
300 ## - PHYSICAL DESCRIPTION
Extent 179पृ
Dimensions 22 सेमी (सजिल्द)
490 ## - SERIES STATEMENT
Series statement
-- 49478
942 ## - ADDED ENTRY ELEMENTS (KOHA)
Institution code [OBSOLETE] dpl
Item type Hindi Books
Call number prefix
Source of classification or shelving scheme Dewey Decimal Classification
Classification part 615.89
Call number suffix राठौर
Holdings
Withdrawn status Lost status Not for loan Collection code Home library Current library Date acquired Cost, normal purchase price Full call number Barcode Cost, replacement price Koha item type
      Non-fiction Sarojini Nagar Sarojini Nagar 23/06/2012 199.00 615.89 राठौर A-982866 199.00 Hindi Books

© Delhi Public Library
Hit Counter
free hit counter